| 000 | 00559nam a2200145Ia 4500 | ||
|---|---|---|---|
| 008 | 140724s9999 xx 000 0 und d | ||
| 050 |
_aHF 5549 _b.M314 2010 |
||
| 100 | _aMarcelino, Kimberly Anne S. | ||
| 245 |
_aFactors affecting the level of job satisfaction of call center representative of HSBC (Electronic Data Processing) incorporated / _cKimberly Anne S. Marcelino. |
||
| 260 |
_aLas PiƱas, Philippines : _bSouthville International School and Colleges, _cc2010. |
||
| 300 |
_a48 p. : _c28 cm. |
||
| 521 | _aNursing | ||
| 942 | _cTH | ||
| 999 |
_c229074 _d229074 |
||